Monumentos de Sevilla - Estadísticas

Estadísticas generales
  • Esta prueba ha sido intentada 424 veces
  • La puntuación promedio es 10 de 19
Estadísticas de respuestas
Imagen Respuesta % Correcto
Torre del Oro
91%
Puente de Triana
87%
Plaza de España
80%
La Giralda
78%
Metropol Parasol (Las Setas)
75%
Real Alcázar de Sevilla
72%
Torre Sevilla
66%
Basílica y Arco de la Macarena
55%
Catedral de Sevilla
50%
Plaza e Iglesia del Salvador
50%
Alameda de Hércules
49%
Archivo de Indias
49%
Parque de María Luisa
37%
Parroquia de Santa Ana
34%
Jardines de Murillo
27%
Casa de Pilatos
22%
Museo de Bellas Artes de Sevilla
21%
Murallas de Sevilla
15%
Palacio de Dueñas
14%
No se encontraron pruebas coincidentes
Distribución de puntuación
Porcentaje de gente con cada puntuación
Porcentaje por número respondido
Historial de tus puntuaciones
No has intentado esta prueba.